Ränge der Bundeswehr (Heer) - Zufällig - Statistiken

Allgemein
  • Dieses Quiz wurde 132 mal gespielt
  • Das Durchschnittsergebnis liegt bei 16 aus 20
Antwortstatistiken
Bildquiz Antwort % Korrekt
Gefreiter
92%
Hauptmann
90%
Leutnant
89%
Stabsgefreiter
88%
General
86%
Obergefreiter
86%
Stabsunteroffizier
85%
Unteroffizier
83%
Major
82%
Oberleutnant
81%
Hauptgefreiter
80%
Oberst
80%
Oberfeldwebel
79%
Oberstabsfeldwebel
79%
Feldwebel
76%
Oberstabsgefreiter
76%
Generalleutnant
75%
Fahnenjunker
73%
Oberstleutnant
73%
Stabsfeldwebel
73%
Hauptfeldwebel
72%
Brigadegeneral
70%
Generalmajor
69%
Fähnrich
64%
Stabshauptmann
64%
Oberfähnrich
55%
Keine übereinstimmenden Quizze gefunden
Verteilung der Resultate
Anzahl Personen mit jedem Resultat
Perzentil nach korrekt beantworteten Fragen
Ihre Resultats-Entwicklung
Sie haben dieses Quiz noch nicht gespielt